Безопасные методы труда на заводах железобетонных изделий. Ч. 3 (Запись № 5397529)

Подробности
000 -МАРКЕР
контрольное поле 01227nam2a22002411 4500
001 - ИДЕНТИФИКАТОР ЗАПИСИ
контрольное поле rc\2377026
005 - ИДЕНТИФИКАТОР ВЕРСИИ
контрольное поле 20250623101333.0
035 ## - ДРУГИЕ СИСТЕМНЫЕ НОМЕРА
Идентификатор записи (NLR Aleph) 006716447
100 ## - ДАННЫЕ ОБЩЕЙ ОБРАБОТКИ
Данные общей обработки 20110829d1978 |||y0rusy50 ca
101 0# - ЯЗЫК РЕСУРСА
Язык текста, звукозаписи и т.д. русский
102 ## - СТРАНА ПУБЛИКАЦИИ ИЛИ ПРОИЗВОДСТВА
Страна публикации Российская Федерация
105 ## - ПОЛЕ КОДИРОВАННЫХ ДАННЫХ: ТЕКСТОВЫЕ МАТЕРИАЛЫ, МОНОГРАФИЧЕСКИЕ
Кодированные данные о монографическом текстовом документе a z |||||
200 0# - ЗАГЛАВИЕ И СВЕДЕНИЯ ОБ ОТВЕТСТВЕННОСТИ
Основное заглавие Ч. 3
210 ## - ПУБЛИКАЦИЯ, РАСПРОСТРАНЕНИЕ И ДР.
Дата издания, распространения и т.д. 1978
Место издания, распространения и т.д. Б. м.
215 ## - ФИЗИЧЕСКАЯ ХАРАКТЕРИСТИКА
Специфическое обозначение материала и объем 139 с.
Другие сведения о физической характеристике ил.
320 ## - ПРИМЕЧАНИЯ О НАЛИЧИИ В ДОКУМЕНТЕ БИБЛИОГРАФИИ / УКАЗАТЕЛЯ
Текст примечания Библиогр.: с. 134-136
461 #0 - УРОВЕНЬ НАБОРА
Встроенное поле 001rc\2377025
-- 2001#$aБезопасные методы труда на заводах железобетонных изделий$eРекомендации$e[В 3-х ч.]$fГос. проект. ин-т по орг. сел. стр-ва и оказанию техн. помощи "Гипрооргсельстрой"$vЧ. 3
Системный номер (АБИС) связанной записи 5397523
Место публикации Москва
Дата публикации 1978
Первые сведения об ответственности Гос. проект. ин-т по орг. сел. стр-ва и оказанию техн. помощи "Гипрооргсельстрой"
Имя издателя, распространителя и т.д. Б. и.
Сведения, относящиеся к заглавию Рекомендации : [В 3-х ч.]
Физическая характеристика 20 с.
Заглавие Безопасные методы труда на заводах железобетонных изделий
Номер тома Ч. 3
801 #0 - ИСТОЧНИК ЗАПИСИ
Страна Российская Федерация
Организация NLR
Правила каталогизации psbo
801 #1 - ИСТОЧНИК ЗАПИСИ
Страна Российская Федерация
Организация ELAR
Источник данных rusmarc
852 ## - МЕСТОНАХОЖДЕНИЕ И ШИФР ХРАНЕНИЯ
Идентификатор организации NLR
Шифр хранения (Call Number) 79-3/4607
942 ## - ДОПОЛНИТЕЛЬНЫЕ ЭЛЕМЕНТЫ ЗАПИСИ (АБИС)
Тип экземпляра АБИС Книга
980 ## - КОЛЛЕКЦИЯ
Название коллекции Национальная библиография
Экземпляры
Тип экземпляра Дата поступления Библиотека постоянного хранения Библиотека текущего хранения Место хранения Шифр хранения Штрих-код Статус экземпляра
Книга 26.10.2013 РНБ (Московский) РНБ (Московский) Русский книжный фонд: издания с 1957 года 79-3/4607 6716447-10